| 000 | 00000nam##2200000za#4500 |
| 001 | 9.625449 |
| 003 | CaOODSP |
| 005 | 20200327183209 |
| 007 | ta |
| 008 | 150406|2000||||xxc||||| f|0| 0 fre|d |
| 040 | |aCaOODSP|bfre |
| 043 | |an-cn--- |
| 086 | 1 |aH50-3/97-2000F |
| 110 | 1 |aCanada.|bSanté Canada. |bDirection générale de la protection de la santé. |
| 245 | 10|aCônage d'oreille |
| 260 | |aOttawa - Ontario : |bSanté Canada. |c2000. |
| 300 | |a2p. ; |c28 cm. |
| 490 | 1 |aVotre santé et vous |
| 563 | |aPolycopié |
| 590 | |a00-39|b2000-09-29 |
| 691 | 07|aThérapie|2gcpds |
| 691 | 07|aEffet secondaire|2gcpds |
| 691 | 07|aHoméopathie|2gcpds |
| 775 | 08|tEar candling |w(CaOODSP)9.615352 |
| 776 | 0#|tCônage d'oreille |w(CaOODSP)9.603086 |
| 830 | #0|aVotre santé et vous.|w(CaOODSP)9.513096 |